Score 0/24 Timer 03:00
3 Plays Today
Clue 4-Letter Word % Correct
Kelly Clarkson's 'Since U ___ Gone'BEEN
98%
A popular alcoholic beverageBEER
97.9%
•• Yellowstone animal (also like Yogi in Jellystone) •••BEAR•
97.7%
A wild pig with tusksBOAR
97.6%
The mode of transport for crossing waterBOAT
97.4%
Actor Bean or ConnerySEAN
97.4%
Pants holder-upperBELT
97.2%
Sport with holes and greensGOLF
96.8%
A place for humans to swimPOOL
96.5%
Prized metalGOLD
96.4%
The action of a solid turning to liquid with heatMELT
96.4%
Sheep shearing resultWOOL
95.4%
Clue 4-Letter Word % Correct
Unit of lightningBOLT
95.2%
A sound a dog would makeWOOF
95.1%
To form or shape, such as a clay potMOLD
94.9%
Something swallowed as medicationPILL
94.7%
•• Yellowstone's own Canis Lupus •••WOLF•
94.4%
EspiedSEEN
93.4%
To blend or bring togetherMELD
93%
A collections of opinions on a subjectPOLL
91.9%
A heap or moundPILE
86.7%
A large freshwater fishPIKE
81.5%
•• An elegant white Yellowstone bird: Trumpeter ___ •••SWAN•
67.8%
•• Small mouselike rodent in Yellowstone, or a Pokémon •••PIKA•
47.5%

Today's Daily Dose

Remove Ads.
Support Sporcle.
Get the best of Sporcle when you Go Orange. This ad-free experience offers more features, more stats, and more fun while also helping to support Sporcle. Thank you for becoming a member.

You're not logged in!

Compare scores with friends on all Sporcle quizzes.
OR
Log In

Show Comments

Extras

Top Quizzes Today


Score Distribution

Your Account Isn't Verified!

In order to create a playlist on Sporcle, you need to verify the email address you used during registration. Go to your Sporcle Settings to finish the process.

Report this User

Report this user for behavior that violates our Community Guidelines.

Details: